| 000 | 00416nam a22001457a 4500 | ||
|---|---|---|---|
| 020 | _a0471115932 | ||
| 040 | _cNUST | ||
| 082 |
_a658.5 _bASK |
||
| 100 |
_aRonald G. Askin _9127604 |
||
| 110 |
_aJeffrey B. Goldberg _9127605 |
||
| 245 | _aDesign and Analysis of Lean Production Systems | ||
| 260 |
_aUSA: _bLibrary of congress, _c2002. |
||
| 650 | _2Design and Analysis of Lean Production Systems | ||
| 942 |
_2ddc _cBK |
||
| 999 |
_c612681 _d612681 |
||